| 000 | 00000nas 2200000zi 4500 |
| 001 | 9.879374 |
| 003 | CaOODSP |
| 005 | 20231129100506 |
| 006 | m o d f |
| 007 | cr cn |||||||| |
| 008 | 190917d20182018qucar p o f0###a0eng|d |
| 022 | |a2562-9042 |
| 040 | |aCaOODSP|beng|erda|cCaOODSP |
| 043 | |an-cn--- |
| 086 | 1 |aR31-34E-PDF |
| 110 | 1 |aCanada. |bCrown-Indigenous Relations and Northern Affairs Canada. |
| 222 | 0|aImplementation of modern treaties and self-government agreements |
| 245 | 10|aImplementation of modern treaties and self-government agreements : |b … provisional annual report. |
| 264 | 1|a[Gatineau, Québec] : |b[Crown-Indigenous Relations and Northern Affairs], |c[2019] |
| 310 | |aAnnual |
| 336 | |atext|2rdacontent |
| 337 | |acomputer|2rdamedia |
| 338 | |aonline resource|2rdacarrier |
| 362 | 0 |a2015-2018. |
| 500 | |aIssued also in French under title: Mise en œuvre des traités modernes et des ententes sur l’autonomie gouvernementale : rapport annuel provisoire. |
| 588 | |aDescription based on: 2015-2018. |
| 588 | |aLatest issue consulted: 2015-2018. |
| 610 | 10|aCanada. |bCrown-Indigenous Relations and Northern Affairs|vPeriodicals. |
| 650 | 0|aIndigenous peoples|zCanada|xPolitics and government. |
| 650 | 0|aIndigenous peoples|zCanada|xTreaties|vPeriodicals. |
| 655 | 7|aPeriodicals|2lcgft |
| 775 | 08|tMise en œuvre des traités modernes et des ententes sur l’autonomie gouvernementale : |w(CaOODSP)9.879375 |